Normal view
MARC view
- Khan, Anwar Ali
Entry Personal Name
001 - CONTROL NUMBER
- control field: 19696
003 - CONTROL NUMBER IDENTIFIER
- control field: NUST
005 - DATE AND TIME OF LATEST TRANSACTION
- control field: 20190829064711.0
008 - FIXED-LENGTH DATA ELEMENTS
- fixed length control field: 190829|| aca||aabn | a|a d
040 ## - CATALOGING SOURCE
- Original cataloging agency: NUST
- Transcribing agency: NUST
100 ## - HEADING--PERSONAL NAME
- Personal name: Khan, Anwar Ali
670 ## - SOURCE DATA FOUND
- Source citation: Work cat.: (NUST): Khan, Anwar Ali, Last Chance /, 2015.
